| 000 | 01156ntm a2200277 a 4500 | ||
|---|---|---|---|
| 001 | 75913 | ||
| 003 | BD-RjUL | ||
| 005 | 20211209082749.0 | ||
| 008 | 190914s2018 bg a|||| bm|| 00| 0 eng d | ||
| 035 | _a(BD-RjUL)76132 | ||
| 040 |
_aBD-RjUL _beng _cBD-RjUL _dBD-RjUL |
||
| 041 | _aeng | ||
| 082 |
_a352.140954924 _223 _bSAW 2018 |
||
| 100 | 1 |
_aSabiha, Marjana _9232904 |
|
| 245 | 1 | 0 |
_aWorking of upazila parishad in Bangladesh : _ba focus on coordination / _cMarjana Sabiha, ; _6Supervisor: Pranab Kumar Pandey |
| 260 |
_aRajshahi : _bInstitute of Bangladesh Studies, University of Rajshahi, _c2018 |
||
| 300 |
_axiv, 208 leaves : _bIll. ; _c29 cm. |
||
| 502 | _aThesis (Ph. D.) --Institute of Bangladesh Studies, University of Rajshahi, 2018 | ||
| 504 | _aBibliography: Leaves 176-196 | ||
| 600 |
_d _9232911 |
||
| 650 |
_aLocal government _zBangladesh _zRajshahi District _9232908 |
||
| 650 |
_aMohanpur Upazila (Bangladesh) _xPolitics and government. _x Case studies _9232909 |
||
| 650 |
_aGodagari Upazila (Bangladesh) _vPolitics and government _xCase studies. _9232910 |
||
| 700 |
_aPandey, Pranab Kumar, Supervisor _9232906 |
||
| 942 |
_2ddc _cTHE |
||
| 999 |
_c75913 _d75913 |
||